| 000 | 01104cam a2200289 a 4500 | ||
|---|---|---|---|
| 001 | 2050423 | ||
| 003 | NUST-PNEC | ||
| 005 | 20170116180733.0 | ||
| 008 | 930419s1993 maua 001 0 eng | ||
| 010 | _a 93015999 | ||
| 020 | _a0201626241 | ||
| 040 | _cPNEC | ||
| 050 | 0 | 0 |
_aQA76.76.O63 _bP34 1993 |
| 082 | 0 | 0 |
_a005.4469 PA _220 |
| 100 | 1 |
_aPappas, Chris H., _d1953 |
|
| 245 | 1 | 0 |
_aCustomizing and optimizing Windows NT / _cChris H. Pappas, William H. Murray, III. |
| 260 |
_aReading, Mass. : _bAddison-Wesley, _cc1993. |
||
| 300 |
_axiii, 400 p. : _bill. ; _c23 cm. |
||
| 500 | _aIncludes index. | ||
| 630 | 0 | 0 | _aMicrosoft Windows NT. |
| 650 | 0 |
_aOperating systems (Computers) _xMIS |
|
| 700 | 1 |
_aMurray, William H., _d1943- |
|
| 856 | _uhttp://www.amazon.com/Customizing-Optimizing-Windows-Chris-Pappas/dp/0201626241/ref=sr_1_1?ie=UTF8&qid=1416454474&sr=8-1&keywords=0201626241 | ||
| 906 |
_a7 _bcbc _corignew _d1 _eocip _f19 _gy-gencatlg |
||
| 942 |
_2ddc _cBK |
||
| 999 |
_c61857 _d61857 |
||